Longman language activator <the> world's first production dictionary

Gespeichert in:
Bibliographische Detailangaben
Format: Buch
Sprache:Englisch
Veröffentlicht: Harlow Longman 1994
Ausgabe:2. ed.
Schlagworte:
Tags: Tag hinzufügen
Keine Tags, Fügen Sie das erste Tag hinzu!

MARC

LEADER 00000nam a2200000 4500
001 0168461
005 20221205071635.3
020 |a 0-582-04093-0 
041 0 |a eng 
044 |a GB 
245 1 0 |a Longman language activator  |b <the> world's first production dictionary 
250 |a 2. ed. 
264 1 |a Harlow  |b Longman  |c 1994 
300 |a 1587 s. 
610 2 0 |a jazykoveda 
610 2 0 |a jazyky cudzie